BUBT Library Online Catalog

দেওয়ানী কার্যবিধি/ (Record no. 1969)

000 -LEADER
fixed length control field 00817nam a2200229Ia 4500
003 - CONTROL NUMBER IDENTIFIER
control field BUBTL
008 - FIXED-LENGTH DATA ELEMENTS--GENERAL INFORMATION
fixed length control field 151213s9999 xx 000 0 und d
041 ## - LANGUAGE CODE
Language code of text/sound track or separate title Bengli
082 ## - DEWEY DECIMAL CLASSIFICATION NUMBER
Classification number 347.73/ M5803c/ 1998
100 ## - MAIN ENTRY--PERSONAL NAME
Personal name মিয়া, সিদ্দিকুর রহমান
9 (RLIN) 5707
245 ## - TITLE STATEMENT
Title দেওয়ানী কার্যবিধি/
Statement of responsibility, etc. সিদ্দিকুর রহমান মিয়া
250 ## - EDITION STATEMENT
Edition statement ১ম সং
260 ## - PUBLICATION, DISTRIBUTION, ETC. (IMPRINT)
Place of publication, distribution, etc. ঢাকা
Name of publisher, distributor, etc. খোশরোজ পাবলিকেশন্স।
Date of publication, distribution, etc. c1998
300 ## - PHYSICAL DESCRIPTION
Extent [24], 215p. :
Other physical details ill. ; 21 cm.
526 ## - STUDY PROGRAM INFORMATION NOTE
Program name Law
650 ## - SUBJECT ADDED ENTRY--TOPICAL TERM
Topical term or geographic name as entry element Law
650 ## - SUBJECT ADDED ENTRY--TOPICAL TERM
Topical term or geographic name as entry element
700 ## - ADDED ENTRY--PERSONAL NAME
Personal name সিদ্দিকুর রহমান মিয়া
9 (RLIN) 5708
856 ## - ELECTRONIC LOCATION AND ACCESS
Password 0
Logon 0
Link text Download
942 ## - ADDED ENTRY ELEMENTS (KOHA)
Source of classification or shelving scheme
Koha item type Books
Holdings
Withdrawn status Lost status Source of classification or shelving scheme Damaged status Not for loan Collection code Permanent location Current location Shelving location Date acquired Source of acquisition Inventory number Total Checkouts Full call number Barcode Date last seen Copy number Price effective from Koha item type
          Non-fiction Bangladesh University of Business and Technology Library Bangladesh University of Business and Technology Library Law Stacks 04/05/2006 Purchase 2765   347.73/ M5803c/ 1998 BUBTL-20032765 03/04/2024 C-1 03/04/2024 Books
        Not For Loan Non-fiction Bangladesh University of Business and Technology Library Bangladesh University of Business and Technology Library Law Stacks 04/05/2006 Purchase 2762   347.73/ M5803c/ 1998 BUBTL-20032762 03/28/2024 C-2 03/28/2024 Books
          Non-fiction Bangladesh University of Business and Technology Library Bangladesh University of Business and Technology Library Law Stacks 04/05/2006 Purchase 2764   347.73/ M5803c/ 1998 BUBTL-20032764 03/28/2024 C-3 03/28/2024 Books

More Information About Library

Library Hours

  • Open: 9.00 am. to 9.00 pm.
  • Only Sunday: 9.00 am. to 6.00 pm.
  • Closed: Holiday

Contact to the University

Bangladesh University of Business and Technology Library

  • Mirpurl-2, 1216.
  • Phone:
  • Fax:
  • E-Mail: admin.library@bubt.edu.bd

Contact to the Library

Contact Person:

Md. Abdul Hakim Shah
Joint Librarian
PABX No:  113
Cell No: 01816332931
E-mail: official: admin.library@bubt.edu.bd
Personal: hakim.shah@bubt.edu.bd


BUBT Library

Copyright © 2021